Quizduell Fragen – Mittel #4 - Statistiken

Allgemein
  • Dieses Quiz wurde 256 mal gespielt
  • Das Durchschnittsergebnis liegt bei 8 aus 19
Antwortstatistiken
Kategorie Frage Antwort % Korrekt
Die 2000er Wie oft wurde die Fußball-WM auf dem afrikanischen Kontinent ausgetragen? Einmal
97%
Macht & Geld Wie viele Steuerklassen gibt es in Deutschland? 6
89%
Sport & Freizeit Wie viele Figuren gehören zu einem Schachspiel? 32
83%
Wunder der Technik In welchem Jahrhundert erfand Johannes Gutenberg den modernen Buchdruck? 15. Jahrhundert
67%
Rund um die Welt Zu welchem Land gehört die Inselgruppe Spitzbergen? Norwegen
64%
Zeugen der Zeit Wer verbarg sich im Trojanischen Pferd? Griechische Soldaten
63%
Medien & Unterhaltung Mit welchem Fußballstar war Sylvie Meis verheiratet? Rafael van der Vaart
53%
Bücher & Wörter Welchen Beruf haben Hermines Eltern in den Harry-Potter-Romanen? Zahnärzte
52%
Im Labor Welches Glasgefäß gibt es im Labor? Erlenmeyerkolben
48%
TV-Serien In welcher Serie kämpfen zwei Brüder gegen das Übernatürliche? Supernatural
44%
Essen & Trinken Wie nennt man überbackene Gerichte in der italienischen Küche? Al forno
33%
Kinofilme In welchem Brunnen badete Anita Ekberg im Film „La Dolce Vita“ (Das süße Leben)? Trevi-Brunnen
33%
Comics Wie heißt He-Mans Zwillingsschwester? She-Ra
14%
Körper & Geist Wie lautet der lateinische Ausdruck für einen Schlaganfall? Apoplex cerebri
10%
Kunst & Kultur Wie heißt die Maltechnik, bei der man einzelne Farbpunkte aufträgt? Pointillismus
10%
Musik & Hits In welchem Jahr wurde Johann Sebastian Bach geboren? 1685
9%
Computerspiele Wie heißt die Hauptfigur der Monkey-Island-Spiele? Guybrush Threepwood
8%
Glaube & Religion Wer gilt als Schutzpatron der Reisenden? Sankt Christophorus
6%
Draußen im Grünen Was bedeutet das aus dem Griechischen stammende Wort „Plankton“? Das Umherirrende
2%
Keine übereinstimmenden Quizze gefunden
Verteilung der Resultate
Anzahl Personen mit jedem Resultat
Perzentil nach korrekt beantworteten Fragen
Ihre Resultats-Entwicklung
Sie haben dieses Quiz noch nicht gespielt